LEADER 01226nam a2200325 i 4500 001 991001159359707536 005 20020507112046.0 008 010226s1970 us ||| | eng 035 $ab10182007-39ule_inst 035 $aLE00643133$9ExL 040 $aDip.to Fisica$bita 084 $a53(021) 084 $a53.6.5 084 $aQC718.P52 100 1 $aLovberg, Ralph H.$012654 245 10$aPlasma physics /$cedited by Ralph H. Lovberg and Hans R. Griem 260 $aNew York :$bAcademic Press,$cc1970-71 300 $a2 v. :$bill. ;$c24 cm. 490 0 $aMethods of experimental physics ;$v9 (Pt. A-B) 500 $aIncludes bibliographical references. 500 $aEditors' names in reverse order on v. 2 650 4$aPlasma (Ionized gases) 700 1 $aGriem, Hans R. 907 $a.b10182007$b17-02-17$c27-06-02 912 $a991001159359707536 945 $aLE006 53(021) MAR$cPt. A$g1$i2006000030335$lle006$o-$pE0.00$q-$rl$s- $t0$u1$v0$w1$x0$y.i10223083$z27-06-02 945 $aLE006 53(021) MAR$cPt. B$g1$i2006000030359$lle006$o-$pE0.00$q-$rl$s- $t0$u0$v0$w0$x0$y.i10223095$z27-06-02 996 $aPlasma physics$9190819 997 $aUNISALENTO 998 $ale006$b01-01-01$cm$da $e-$feng$gus $h0$i2